1463 1279 1089 1557 1526 1800 1314 1507 1686 1773 1845 1534 1561 1304 1539 1551 1631 1146 1231 1169 1354 1985 1458 1629 1874 1397 1478 1733 1651 1844 1672 1192 1223 1023 1042 1212 1161 1066 1689 1763 1096 1281 1090 1615 1051 1932 1853 1026 1463 1531 1241 1903 1940 1022 1664 1191 1944 1335 1487 1775 1409 1262 1830 1336 1339 1799 1610 1984 1671 1177 1790 1095 1843 1768 1381 1869 1248 1051 1421 1371 1255 1340 1873 1413 1330 1878 1960 1855 1404 1131 1163 1576 1131 1489 1014 1311 1030 1134 1977 BCNSPRNW ULIB Ver.6.0+V

เปลี่ยนเป็นภาษาไทย

Change to English
 แสดงรายละเอียดบรรณานุกรม
  กลับหน้าหลัก

Brief Record : Get Marc (ISO 2709) : E-mail record : QR code < ปิดหน้าต่าง
LEADER : 00000nam 2200000uu 4500
001    13399124877
003     ULIB
008    160424s2558||||th 000 0 tha d
020    ^a9786163749918
060 04 ^aW50^bพ958
110 1  ^aแพทยสภา
245 00 ^aคู่มือการเรียนการสอนเวชจริยศาสตร์ /^cแพทยสภา
250    ^aพิมพ์ครั้งที่ 1
260    ^aนนทบุรี :^bแพทยสภา,^c2558
300    ^a128 หน้า
650  4 ^aจรรยาแพทย์
650  0 ^aเวชจริยศาสตร์
650  0 ^aแพทย์
945    ^p200^l0^i23441
945    ^p200^l0^i23442
945    ^p200^l0^i23443
945    ^p200^l0^i23444
945    ^p200^l0^i23445
999    ^aทศพร เกษรทอง
รายการนี้ยังไม่มีแท็ก
คุณยังไม่ได้ล็อกอิน คุณสามารถมีกิจกรรมร่วมกับเว็บไซต์ได้ แต่ต้องล็อกอินก่อน ::
  ล็อกอิน

รายการสื่อสารสนเทศ

ลำดับที่ ประเภท เลขเรียก/บาร์โค้ด สถานที่ สถานะ
1. วิทยาศาสตร์การแพทย์ และสุขภาพ
วิทยาศาสตร์การแพทย์ และสุขภาพ
สถานะ=หนังสือเก่า
W50 พ958 ฉ.1 
  Barcode: 23441
ห้องสมุดวิทยาเขตนครสวรรค์
►ส่วนจัดเก็บหนังสือเก่า นว.
บนชั้น
  ขอยืม
2. วิทยาศาสตร์การแพทย์ และสุขภาพ
วิทยาศาสตร์การแพทย์ และสุขภาพ
สถานะ=หนังสือเก่า
W50 พ958 ฉ.2 
  Barcode: 23442
ห้องสมุดวิทยาเขตนครสวรรค์
►ส่วนจัดเก็บหนังสือเก่า นว.
บนชั้น
  ขอยืม
3. วิทยาศาสตร์การแพทย์ และสุขภาพ
วิทยาศาสตร์การแพทย์ และสุขภาพ
สถานะ=หนังสือเก่า
W50 พ958 ฉ.3 
  Barcode: 23443
ห้องสมุดวิทยาเขตนครสวรรค์
►ส่วนจัดเก็บหนังสือเก่า นว.
บนชั้น
  ขอยืม
4. วิทยาศาสตร์การแพทย์ และสุขภาพ
วิทยาศาสตร์การแพทย์ และสุขภาพ
สถานะ=หนังสือเก่า
W50 พ958 ฉ.4 
  Barcode: 23444
ห้องสมุดวิทยาเขตนครสวรรค์
►ส่วนจัดเก็บหนังสือเก่า นว.
บนชั้น
  ขอยืม
5. วิทยาศาสตร์การแพทย์ และสุขภาพ
วิทยาศาสตร์การแพทย์ และสุขภาพ
สถานะ=หนังสือเก่า
W50 พ958 ฉ.5 
  Barcode: 23445
ห้องสมุดวิทยาเขตนครสวรรค์
►ส่วนจัดเก็บหนังสือเก่า นว.
บนชั้น
  ขอยืม

รายการใกล้เคียง
    หัวเรื่อง [จรรยาแพทย์]
    หัวเรื่อง [เวชจริยศาสตร์]
    หัวเรื่อง [แพทย์]

BibComment


ยังไม่เคยถูกคอมเมนท์

คอมเมนท์ทรัพยากรรายการนี้
  คอมเมนท์: คู่มือการเรียนกา..


 Copyright 2026. Bcnsprnw @Library